Catálogo de la Biblioteca Horacio González - Universidad Nacional de General Sarmiento

Hamlet (Registro nro. 51515)

Detalles MARC
000 -CABECERA
campo de control de longitud fija 00849nam a22003010a 4500
001 - NÚMERO DE CONTROL
campo de control PT59212
003 - IDENTIFICADOR DEL NÚMERO DE CONTROL
campo de control AR-LpoUNG
005 - FECHA Y HORA DE LA ÚLTIMA TRANSACCIÓN
campo de control 20260130013957.0
008 - DATOS DE LONGITUD FIJA--INFORMACIÓN GENERAL
campo de control de longitud fija 201001s2016||||ag |||||||||||||||||spa d
020 ## - NÚMERO INTERNACIONAL ESTÁNDAR DEL LIBRO
Número Internacional Estándar del Libro 9789876302524
Condiciones de disponibilidad $4
040 ## - FUENTE DE LA CATALOGACIÓN
Centro catalogador/agencia de origen AR-LpoUNG
Lengua de catalogación spa
Normas de descripción aacr
041 0# - CÓDIGO DE LENGUA
Código de lengua del texto/banda sonora o título independiente spa
044 ## - CÓDIGO DEL PAÍS DE LA ENTIDAD EDITORA/PRODUCTORA
Código MARC del país ag
082 0# - NÚMERO DE LA CLASIFICACIÓN DECIMAL DEWEY
Número de clasificación 822 527ham
100 1# - ENTRADA PRINCIPAL--NOMBRE DE PERSONA
Nombre de persona Shakespeare, William
245 10 - MENCIÓN DE TÍTULO
Título Hamlet
250 ## - MENCIÓN DE EDICIÓN
Mención de edición 1ra. ed.
260 ## - PUBLICACIÓN, DISTRIBUCIÓN, ETC.
Lugar de publicación, distribución, etc. Los Polvorines :
Nombre del editor, distribuidor, etc. Universidad Nacional de General Sarmiento,
Fecha de publicación, distribución, etc. 2016.
300 ## - DESCRIPCIÓN FÍSICA
Extensión 199 p. :
Otras características físicas tbls., gráfs.
490 0# - MENCIÓN DE SERIE
Mención de serie Traducciones literarias argentinas
650 #4 - PUNTO DE ACCESO ADICIONAL DE MATERIA--TÉRMINO DE MATERIA
Término de materia o nombre geográfico como elemento de entrada LITERATURA
650 #4 - PUNTO DE ACCESO ADICIONAL DE MATERIA--TÉRMINO DE MATERIA
Término de materia o nombre geográfico como elemento de entrada TEATRO
653 ## - TÉRMINO DE INDIZACIÓN--NO CONTROLADO
Término no controlado LITERATURA INGLESA
700 1# - PUNTO DE ACCESO ADICIONAL--NOMBRE DE PERSONA
Nombre de persona Rinesi, Eduardo
Término indicativo de función/relación prelim.
9 (RLIN) 5
856 40 - LOCALIZACIÓN Y ACCESO ELECTRÓNICOS
Identificador Uniforme del Recurso <a href="http://repositorio.ungs.edu.ar:8080/xmlui/handle/UNGS/804">http://repositorio.ungs.edu.ar:8080/xmlui/handle/UNGS/804</a>
Texto de enlace Texto completo
905 ## - ELEMENTOS DE DATOS E LOCAL, LDE (RLIN)
a 59212
942 ## - ELEMENTOS DE PUNTO DE ACCESO ADICIONAL (KOHA)
Tipo de ítem Koha Lectura en Sala
Fuente del sistema de clasificación o colocación Dewey Decimal Classification
Existencias
Estado de retiro Estado de pérdida Estado dañado No para préstamo Código de colección Localización permanente Ubicación/localización actual Fecha de adquisición Total de préstamos Signatura topográfica completa Código de barras Fecha visto por última vez Precio válido a partir de Tipo de ítem Koha Fuente del sistema de clasificación o colocación Renovaciones totales Fecha del último préstamo
        Colección Ediciones UNGS Biblioteca Universidad Nacional de General Sarmiento Biblioteca Universidad Nacional de General Sarmiento 01/02/2021   822 527ham CUNGS1857 01/02/2021 01/02/2021 Libro      
Retirado       Colección Ediciones UNGS Biblioteca Universidad Nacional de General Sarmiento Biblioteca Universidad Nacional de General Sarmiento 01/02/2021   822 527ham CUNGS1858 01/02/2021 01/02/2021 Libro Dewey Decimal Classification    
        Colección General Biblioteca Universidad Nacional de General Sarmiento Biblioteca Universidad Nacional de General Sarmiento 01/02/2021 13 822 527ham 00063781 27/04/2026 01/02/2021 Libro   7 10/04/2026
        Colección General Biblioteca Universidad Nacional de General Sarmiento Biblioteca Universidad Nacional de General Sarmiento 01/02/2021 8 822 527ham 00063782 09/04/2026 01/02/2021 Libro   2 07/04/2026
        Colección General Biblioteca Universidad Nacional de General Sarmiento Biblioteca Universidad Nacional de General Sarmiento 01/02/2021 1 822 527ham S00063783 10/06/2025 01/02/2021 Lectura en Sala     10/06/2025
        Colección General Biblioteca Universidad Nacional de General Sarmiento Biblioteca Universidad Nacional de General Sarmiento 10/06/2023 6 822 527ham 00067928 14/05/2026 10/06/2023 Lectura en Sala Dewey Decimal Classification   07/05/2026